01477cam a22003373a 45000010005000000030006000050050017000110080041000280100017000690200022000860400028001080500016001360820011001521000025001632450117001882600035003053000058003404400032003985000114004305000023005445050007005675200245005745210021008195210019008406500033008597000036008929060045009289420015009739990015009889520136010036999FISKH20250617095753.0060616s2005 nyua j 000 1 eng d a 2006278001 a0439801060 (pbk.) aDAJcDAJdDAJdDLCbeng aPZ7.S3989 F a567.9 1 aSchwabacher, Martin.14aThe magic school bus flies with the dinosaurs /cwritten by Martin Schwabacher ; illustrated by Carolyn Bracken. aNew York :bScholastic,c2005. a32 unnumbered pages : bcolor illustrations ; c23 cm 0aScholastic reader.nLevel 2 a"Based on The magic school bus books written by Joanna Cole and illustrated by Bruce Degan"--page facing t.p. a"Cartwheel books." aJ  aMs. Frizzle's class is drawing dinosaurs. But Dorothy Ann's picture is of her pet parrot. Ralphie tells her a parrot is a bird, not a dinosaur. Who is right? Take off with Ms. Frizzle's class and find out all kinds of facts about dinosaurs.8 a460 bLexile AD 8 aJ bRaz-Plus  0aDinosaursvJuvenile fiction.1 aBracken, Carolyn.eillustrator  a7bcbcccopycatd2encipf20gy-gencatlg 2ddccBKn0 c6999d6999 00102ddc40708JUVFa001b001cTK Blued2025-06-17l0oSCH 567.9 PZ7.S3989 F pFISBK02747r2025-06-17 09:57:51t1w2025-06-17yBK